[Event "6Ã¨me LUC open"]
[Site "Lille"]
[Date "2015-04-05"]
[Round "1.53"]
[White "HUYSMAN, Robert"]
[Black "VERSCHRAEGEN, Thomas"]
[Result "0-1"]
[WhiteElo "1461"]
[BlackElo "1752"]

1. e4 c5 2. Nf3 Nc6 3. Bb5 e6 4. O-O Nge7 5. d4 cxd4 6. Nxd4 a6 7. Be2 d5 8.
exd5 Nxd5 9. Nxc6 bxc6 10. Bf3 Qc7 11. Nd2 Be7 12. Ne4 O-O 13. c3 Bb7 14. Re1
Rad8 15. Qc2 Rd7 16. Ng5 g6 17. Ne4 Rfd8 18. a3 c5 19. c4 Nf6 20. Nxf6+ Bxf6
21. Bxb7 Qxb7 22. Rb1 Bd4 23. Be3 Bxe3 24. Rxe3 Rd2 25. Qc3 Rxb2 26. Rbe1 Rdd2
27. Rf3 Rbc2 28. Qe3 Rd4 29. Qb3 Qxb3 30. Rxb3 Rdd2 31. Rf1 Rxc4 32. Ra1 Rcc2
33. Rf3 f5 34. Rb1 c4 35. g3 Rd3 36. Kg2 Rxf3 37. Kxf3 Rc3+ 38. Ke2 Rxa3 39.
Rb2 Kf7 40. Rb7+ Kf6 41. Rxh7 Ke5 42. Rg7 Ra2+ 43. Kf3 c3 44. Rc7 Kd4 45. Rd7+
Kc4 46. Rc7+ Kb3 47. Rb7+ Kc2 48. Rc7 Kd2 49. Rd7+ Kc1 50. Ke3 Rd2 51. Rc7 c2
52. Rb7 Kd1 53. Rc7 c1=Q 54. Rxc1+ Kxc1 0-1

*

[Event "6Ã¨me LUC open"]
[Site "Lille"]
[Date "2015-04-05"]
[Round "1.54"]
[White "BILLOT, Daniel"]
[Black "RICOU, Guillaume"]
[Result "1-0"]
[WhiteElo "1745"]
[BlackElo "1460"]

1. e4 e6 2. d4 d5 3. e5 c5 4. c3 Qb6 5. Nf3 Nc6 6. Bd3 cxd4 7. cxd4 Bd7 8. O-O
Nxd4 9. Nxd4 Qxd4 10. Nc3 Qxe5 11. Re1 Qb8 12. Nxd5 Ne7 13. Bf4 Qc8 14. Nc7+
Kd8 15. Rc1 Nc6 16. Nxa8 Qxa8 17. Bb5 a6 18. Bxc6 bxc6 19. Qh5 Be7 20. Rcd1 Qb7
21. Qxf7 Rf8 22. Qxe6 Bb4 23. Re4 Kc8 24. Rxd7 Qxd7 25. Qxd7+ Kxd7 26. Rxb4 Re8
27. Rb7+ Ke6 28. Be3 Rd8 29. Kf1 Rd1+ 30. Ke2 1-0

*

[Event "6Ã¨me LUC open"]
[Site "Lille"]
[Date "2015-04-05"]
[Round "1.55"]
[White "MANDUCHER, Matthieu"]
[Black "BAUDE, Christian"]
[Result " 0-1"]
[WhiteElo "1457"]
[BlackElo "1735"]

1. e4 c5 2. Nf3 Nc6 3. d4 cxd4 4. Nxd4 d6 5. Nc3 Nf6 6. Bc4 g6 7. O-O Bg7 8.
Be3 O-O 9. f3 Bd7 10. Qd2 Re8 11. Rad1 a6 12. a3 Rc8 13. Rf2 Nxd4 14. Qxd4 Ng4
15. Bxf7+ Kh8 16. Qd2 Nxf2 17. Bxe8 Nxd1 18. Bxd7 Nxe3 19. Bxc8 Nc4 20. Qd5
Qxc8 21. Qg5 Qc5+ 22. Qxc5 dxc5 23. Na4 b5 24. b3 bxa4 25. bxc4 0-1

*

[Event "6Ã¨me LUC open"]
[Site "Lille"]
[Date "2015-04-05"]
[Round "1.56"]
[White "DE WEIRD, Evy"]
[Black "CANARIO, Jonathan"]
[Result "0-1"]
[WhiteElo "1730"]
[BlackElo "1421"]

1. c4 e5 2. g3 Nc6 3. Nc3 Bc5 4. Bg2 Nf6 5. d3 O-O 6. Nf3 d6 7. Bg5 h6 8. Bd2
Be6 9. O-O Qd7 10. a3 a6 11. b4 Bd4 12. Nxd4 exd4 13. Ne4 Nxe4 14. Bxe4 d5 15.
cxd5 Bxd5 16. Bxd5 Qxd5 17. Qc2 Rad8 18. Qa2 Qh5 19. Bf4 Rd7 20. Kg2 g5 21. Bc1
Re8 22. Re1 g4 23. Qd2 Qh3+ 24. Kh1 Rd5 25. Rg1 Rh5 26. Rg2 Ne5 0-1

*

[Event "6Ã¨me LUC open"]
[Site "Lille"]
[Date "2015-04-05"]
[Round "1.57"]
[White "CHACHIACHVILI, Loma"]
[Black "GUERIN, Bernard"]
[Result "1/2-1/2"]
[WhiteElo "1420"]
[BlackElo "1730"]

1. e4 e5 2. Nc3 f5 3. d3 Nf6 4. Nf3 Nc6 5. Bg5 Bb4 6. Be2 h6 7. Bxf6 Qxf6 8.
Qd2 d6 9. a3 Bxc3 10. Qxc3 Bd7 11. b4 fxe4 12. dxe4 O-O 13. O-O Bg4 14. Qc4+
Kh8 15. c3 Rac8 16. h3 Bd7 17. a4 Ne7 18. Qb3 Qg6 19. Kh2 Qxe4 20. Rae1 Qf4+
21. Kh1 Ng6 22. Bd3 Qf6 23. Be4 c6 24. Qc2 Nh4 25. Nxh4 Qxh4 26. Bd3 Rce8 27.
Bg6 Bxh3 28. gxh3 Qxh3+ 29. Kg1 Qg4+ 30. Kh2 Qh4+ 31. Kg2 Qg5+ 32. Kh2 Rf4 33.
Re3 Rh4+ 34. Rh3 Qf4+ 35. Kg2 Rxh3 36. Kxh3 Qf3+ 37. Kh2 Qf4+ 38. Kg2 Qg4+
1/2-1/2

*

[Event "6Ã¨me LUC open"]
[Site "Lille"]
[Date "2015-04-05"]
[Round "1.58"]
[White "WUHRMANN, Daniel"]
[Black "VAN FOREEST, Machteld"]
[Result "1-0"]
[WhiteElo "1723"]
[BlackElo "1420"]

1. e4 e5 2. Nf3 Nc6 3. Bb5 a6 4. Ba4 Nf6 5. O-O Nxe4 6. d4 d5 7. Nxe5 Bd7 8.
Nxd7 Qxd7 9. Re1 Be7 10. c3 O-O 11. Nd2 Nf6 12. Nf3 b5 13. Bc2 Rfe8 14. Bg5 Qd6
15. Qd3 Ne4 16. Be3 Rad8 17. Nd2 Qg6 18. Nxe4 dxe4 19. Qxe4 Qxe4 20. Bxe4 Na5
21. b3 Ba3 22. Bd2 c5 23. d5 Nb7 24. Bf3 Kf8 25. Kf1 a5 26. Rxe8+ Rxe8 27. Re1
b4 28. c4 Bb2 29. Rxe8+ Kxe8 30. Be3 Bd4 31. Bf4 Ke7 32. Bc7 Kd7 33. Bb6 Kd6
34. Bg4 Ke7 35. f4 g6 {partie illisible} 1-0

*

[Event "6Ã¨me LUC open"]
[Site "Lille"]
[Date "2015-04-05"]
[Round "1.59"]
[White "SIMON, Fernand"]
[Black "CHATTON, Jean-Bernard"]
[Result "1/2-1/2"]
[WhiteElo "1404"]
[BlackElo "1721"]

1. d4 Nf6 2. c4 e6 3. Nc3 Bb4 4. Qc2 c5 5. dxc5 Na6 6. Bg5 Nxc5 7. e3 O-O 8.
Bd3 Nxd3+ 9. Qxd3 h6 10. Bh4 Be7 11. Nf3 d5 12. cxd5 Nxd5 13. Bxe7 Nxe7 14.
O-O-O Qc7 15. Kb1 a6 16. Rc1 Rd8 17. Qe4 Qc6 18. Qf4 Ng6 19. Qg3 Bd7 20. Rhd1
Be8 21. Nd4 Qd6 22. f4 Qb6 23. h4 Rac8 24. h5 Ne7 25. Ne4 Kh8 26. Qf2 Ba4 27.
Rg1 Bc6 28. Nc3 Nd5 1/2-1/2

*

[Event "6Ã¨me LUC open"]
[Site "Lille"]
[Date "2015-04-05"]
[Round "1.60"]
[White "NOLLET, Fabrice"]
[Black "BERTINCHAMP, Jean-Louis"]
[Result "0-1"]
[WhiteElo "1694"]
[BlackElo "1399"]

1. b4 e6 2. Bb2 Nf6 3. a3 c5 4. b5 a6 5. a4 axb5 6. axb5 Rxa1 7. Bxa1 Qa5 8.
Bc3 Qxb5 9. Na3 Qc6 10. e3 Be7 11. Nf3 O-O 12. Bb5 Qc7 13. Nc4 Nc6 14. Qa1 b6
15. Bxc6 Qxc6 16. Ke2 d5 17. Nfe5 Qb5 18. Rb1 Qa6 19. Nc6 Bd8 20. Nxd8 Qxc4+
21. Ke1 Rxd8 22. Bxf6 gxf6 23. Qxf6 Rd7 24. Rxb6 Qxc2 25. Rb8 Qc1+ 26. Ke2 Qc4+
27. Kf3 Qa6 28. Qg5+ Kf8 29. Qh6+ Ke7 30. Qg5+ Kd6 31. Qf4+ Kc6 32. e4 Qd3+ 33.
Kg4 h5+ 34. Kh4 Ba6 35. Ra8 Bc4 36. Rc8+ Kb5 37. Qb8+ Ka4 38. Qa8+ Kb3 39. Rb8+
Bb5 40. Qa6 Qxe4+ 41. Kxh5 Qh7+ 42. Kg4 Qg6+ 43. Kh4 Qh6+ 44. Kg3 Qg5+ 45. Kf3
Qf5+ 46. Kg3 Qe5+ 0-1

*

[Event "6Ã¨me LUC open"]
[Site "Lille"]
[Date "2015-04-05"]
[Round "1.61"]
[White "BOUDELLE, Gilles"]
[Black "SZURHAJ, William"]
[Result " 0-1"]
[WhiteElo "1399"]
[BlackElo "1693"]

1. Nf3 f5 2. d4 Nf6 3. Nc3 e6 4. Be3 Bb4 5. Qd2 Ne4 6. Bg5 Nxd2 7. Bxd8 Nxf3+
8. gxf3 Kxd8 9. O-O-O Bxc3 10. e4 Bb4 11. Bc4 d6 12. Rhg1 g6 13. e5 d5 14. a3
Ba5 15. Bb3 Bd7 16. Rd3 Na6 17. Ba2 Bb5 18. Rb3 Bc4 19. Rxb7 Bxa2 20. b3 Bb6
21. Kb2 Kc8 22. Rxb6 axb6 23. Kxa2 Kd7 24. a4 Nb4+ 25. Ka3 Nxc2+ 26. Kb2 Nxd4
27. Rg3 b5 28. axb5 Nxb5 29. f4 Rhb8 30. h4 Nd4 31. Kc3 Ne2+ 32. Kd3 Nxg3 33.
fxg3 Rxb3+ 34. Kc2 Rxg3 35. h5 Ra2+ 36. Kc1 Rg1# 0-1

*

[Event "6Ã¨me LUC open"]
[Site "Lille"]
[Date "2015-04-05"]
[Round "1.62"]
[White "LEBRET, Loriane"]
[Black "DEVIENNE, Ghislain"]
[Result " 1-0"]
[WhiteElo "1690"]
[BlackElo "1399"]

1. e4 e5 2. Nf3 d6 3. d4 exd4 4. Nxd4 g6 5. Bc4 c6 6. O-O Bg7 7. c3 Nf6 8. Bg5
Nbd7 9. Nd2 O-O 10. f4 Nc5 11. e5 dxe5 12. fxe5 Nh5 13. Bxd8 Rxd8 14. Rxf7 Kh8
15. Qf3 Bf5 16. Nxf5 gxf5 17. Qxh5 Rxd2 18. Qg5 Rg8 19. Qxd2 Bxe5 20. Qh6 Bxh2+
21. Kxh2 Ne4 22. Rxh7# 1-0

*

[Event "6Ã¨me LUC open"]
[Site "Lille"]
[Date "2015-04-05"]
[Round "1.63"]
[White "LECAT, Philippe"]
[Black "HIRSCHMANN, Georges"]
[Result "0-1"]
[WhiteElo "1399"]
[BlackElo "1687"]

1. Nf3 d5 2. d4 Nf6 3. g3 Bg4 4. Bg2 e6 5. Bg5 Nbd7 6. O-O h6 7. Bxf6 Nxf6 8.
Nc3 c5 9. e3 Qb6 10. b3 Qb4 11. Qd3 cxd4 12. Qxd4 Qxd4 {partie illisible} 0-1

*

[Event "6Ã¨me LUC open"]
[Site "Lille"]
[Date "2015-04-05"]
[Round "1.64"]
[White "BRELOT, Loic"]
[Black "TOLINI, Gerard"]
[Result "1-0"]
[WhiteElo "1679"]
[BlackElo "1385"]

1. e4 e5 2. Nf3 Nc6 3. Bc4 Nf6 4. d3 Bc5 5. O-O O-O 6. c3 d5 7. exd5 Nxd5 8.
Re1 Re8 9. h3 Qd6 10. d4 Bb6 11. dxe5 Nxe5 12. Nxe5 Rxe5 13. Rxe5 Qxe5 14. Bxd5
c6 15. Bb3 Be6 16. Bxe6 Qxe6 17. Na3 Rd8 18. Qf1 Bc7 19. Be3 b6 20. Nc2 Qd6 21.
g3 c5 22. Bf4 Qe7 23. Bxc7 Qxc7 24. Rd1 Re8 25. Ne3 g6 26. Ng4 Re6 27. Qd3 Kg7
28. c4 h5 29. Ne3 Qe7 30. Qd7 Qxd7 31. Rxd7 a6 32. Kf1 Kf6 33. Nd5+ Kg7 34. Rb7
1-0

*

[Event "6Ã¨me LUC open"]
[Site "Lille"]
[Date "2015-04-05"]
[Round "1.65"]
[White "TINARRAGE, Xavier"]
[Black "GONZALEZ, Arnaud"]
[Result "0-1"]
[WhiteElo "1320"]
[BlackElo "1667"]

1. d4 d6 2. Nf3 Bg4 3. e3 Nf6 4. Bd3 c6 5. c4 e5 6. dxe5 dxe5 7. Be2 Qxd1+ 8.
Bxd1 e4 9. Nd4 Bxd1 10. Kxd1 Ng4 11. Ke2 g6 12. f3 exf3+ 13. Nxf3 Bg7 14. a4
Nd7 15. Ra3 Nc5 16. Re1 O-O-O 17. Kf1 Nd3 18. Rxd3 Rxd3 19. h3 Ne5 20. Nxe5
Bxe5 21. Kf2 Rhd8 22. Ke2 f5 23. Nd2 Bxb2 24. Nf3 Bxc1 25. Rxc1 Ra3 26. Ne5 Re8
27. Nd3 Rxa4 28. Kf3 Ra3 29. Rd1 Rc3 30. c5 Rd8 31. Ke2 a5 0-1

*

[Event "6Ã¨me LUC open"]
[Site "Lille"]
[Date "2015-04-05"]
[Round "1.66"]
[White "BELE, Charles"]
[Black "COUSSEMENT, Serge"]
[Result "1-0"]
[WhiteElo "1666"]
[BlackElo "1317"]

1. e4 d5 2. exd5 Qxd5 3. Nc3 Qa5 4. d4 c6 5. Nf3 Bf5 6. Bd3 Bg4 7. O-O e6 8.
Bf4 Nf6 9. Be2 Bf5 10. Ne5 h6 11. Nc4 Qd8 12. Re1 Be7 13. Ne5 O-O 14. Bf3 Nbd7
15. Ne4 Nd5 16. Bg3 Nxe5 17. dxe5 Qb6 18. c4 Nc7 19. Re2 Rfd8 20. Nd6 Rab8 21.
Qc1 Ne8 22. h3 Nxd6 23. exd6 Bxd6 24. Bxd6 Rxd6 25. c5 Rd1+ 26. Qxd1 Qxc5 27.
Be4 Bxe4 28. Rxe4 Qe7 29. Rd4 c5 30. Rd7 Qf6 31. Qd2 a5 32. Qc3 e5 33. Qxa5 e4
34. Rad1 b6 35. Qa7 Re8 36. b3 Kh7 37. R7d6 Qe5 38. Qxf7 e3 39. R6d5 Qe4 40.
Qf5+ Qxf5 41. Rxf5 e2 42. Re1 Re4 43. Rd5 1-0

*

[Event "6Ã¨me LUC open"]
[Site "Lille"]
[Date "2015-04-05"]
[Round "1.67"]
[White "PETIT, Michel"]
[Black "DUEE, Paul"]
[Result "0-1"]
[WhiteElo "1298"]
[BlackElo "1650"]

1. c4 e5 2. g3 Nf6 3. Bg2 Nc6 4. Nc3 d6 5. a3 Be6 6. d3 Be7 7. b4 a6 8. Bd2 d5
9. b5 axb5 10. Nxb5 dxc4 11. Qc1 Bd5 12. e4 Be6 13. dxc4 O-O 14. Ne2 Qd3 15.
Qc3 Bxc4 16. Qxd3 Bxd3 17. Nxc7 Rxa3 18. Rxa3 Bxa3 19. Nd5 Nxe4 20. Bc3 Rd8 21.
Ne3 Nxc3 22. Nxc3 Bb4 23. Ned1 e4 24. Bf1 Ne5 25. Bxd3 exd3 26. O-O d2 27. Ne4
f5 28. Ng5 h6 29. Ne6 Rc8 30. f4 Nd3 31. Nd4 Bc5 32. Kg2 Bxd4 33. Kh3 Rc1 34.
g4 Nf2+ 35. Nxf2 Rxf1 0-1

*

[Event "6Ã¨me LUC open"]
[Site "Lille"]
[Date "2015-04-05"]
[Round "1.68"]
[White "POIVRE, Alain"]
[Black "CHACHIACHVILI, Salome"]
[Result "1-0"]
[WhiteElo "1627"]
[BlackElo "1192"]

1. e4 c5 2. c3 Nc6 3. d4 cxd4 4. cxd4 e6 5. Nf3 d5 6. e5 f6 7. Bb5 Bd7 8. Bxc6
Bxc6 9. O-O Nh6 10. Bxh6 gxh6 11. exf6 Qxf6 12. Ne5 Bb5 13. Qh5+ Ke7 14. Rc1
Be8 15. Qg4 h5 16. Qg3 Bd7 17. Rc7 Rd8 18. Rxb7 Qh6 19. Nc3 Ke8 20. Rxa7 Be7
21. Nxd7 Rxd7 22. Qb8+ Rd8 23. Qb5+ Kf8 24. Qe2 Ke8 25. Re1 Rd6 26. Nb5 Rc6 27.
Nc7+ Kf7 28. Nxd5 Re8 29. Qf3+ Kg7 30. Nxe7 Kh8 31. Nxc6 h4 32. Ne5 Kg8 33.
Qg4+ Qg6 34. Nxg6 Re7 35. Nxe7+ Kf7 36. Qxe6+ Kg7 37. Nf5+ Kf8 38. Qf7# 1-0

*

[Event "6Ã¨me LUC open"]
[Site "Lille"]
[Date "2015-04-05"]
[Round "1.69"]
[White "DOLET, Bruno"]
[Black "MAHIEU, Jacques"]
[Result "0-1"]
[WhiteElo "1160"]
[BlackElo "1610"]

1. e4 e6 2. Nf3 d5 3. Nc3 d4 4. Nb5 c5 5. d3 Qa5+ 6. c3 Qxb5 7. cxd4 cxd4 8.
Nxd4 Bb4+ 9. Bd2 Qa5 10. Nb3 Bxd2+ 11. Qxd2 Qxd2+ 12. Nxd2 Nc6 13. Nc4 Ke7 14.
Rd1 b5 15. Ne3 Nd4 16. Rc1 Bd7 17. Be2 Kd6 18. Nc2 Rc8 19. Kd2 Rxc2+ 20. Rxc2
Nxc2 21. Kxc2 e5 22. Rd1 Nf6 23. Kd2 Rc8 24. Rc1 Rxc1 25. Kxc1 Kc5 26. h3 h5
27. Kc2 a5 28. g4 hxg4 29. f3 gxf3 30. Bxf3 Bxh3 31. Kc3 Bg4 32. Bg2 b4+ 33.
Kb3 Bd1# 0-1

*

[Event "6Ã¨me LUC open"]
[Site "Lille"]
[Date "2015-04-05"]
[Round "1.70"]
[White "DESBOIS, Jean-Marie"]
[Black "LARTIGOT, Gerard"]
[Result "1-0"]
[WhiteElo "1609"]
[BlackElo "1150"]

1. e4 d6 2. d4 e5 3. dxe5 Nc6 4. exd6 Bxd6 5. f4 Bb4+ 6. c3 Qxd1+ 7. Kxd1 Bg4+
8. Nf3 O-O-O+ 9. Kc2 Be7 10. Bc4 Be6 11. Bxe6+ fxe6 12. Be3 Nf6 13. Nbd2 Ng4
14. Bg1 Rhf8 15. h3 Nh6 16. Be3 Kb8 17. Rad1 e5 18. f5 Nf7 19. g4 h6 20. h4 Rd7
21. g5 h5 22. Nc4 Rxd1 23. Rxd1 Rd8 24. Rxd8+ Nfxd8 25. Ncxe5 Bd6 26. Nxc6+
Nxc6 27. Bd4 Nxd4+ 28. cxd4 Kc8 29. e5 Bf8 30. Kd3 Kd7 31. d5 Ke7 32. Nd4 b6
1-0

*

[Event "6Ã¨me LUC open"]
[Site "Lille"]
[Date "2015-04-05"]
[Round "1.71"]
[White "QI, Mei"]
[Black "LEMOINE, Jean-Pierre"]
[Result "0-1"]
[WhiteElo "1150"]
[BlackElo "1608"]

1. e4 e6 2. Nf3 d5 3. Nc3 d4 4. Nb5 a6 5. Nbxd4 Bc5 6. Nb3 Ba7 7. d4 b5 8. Bg5
f6 9. Bh4 Bb7 10. e5 g5 11. Bg3 f5 12. Be2 f4 13. Na5 Be4 14. Bxf4 gxf4 15. O-O
Nh6 16. Qd2 Rf8 17. h3 Nd7 18. c3 Rc8 19. Nh2 Qg5 20. Rfe1 0-1

*

[Event "6Ã¨me LUC open"]
[Site "Lille"]
[Date "2015-04-05"]
[Round "1.72"]
[White "FLOU, Ronald"]
[Black "DE VILLENOISY, Nicole"]
[Result " 1-0"]
[WhiteElo "1603"]
[BlackElo "1090"]

1. e4 c5 2. Nf3 Nc6 3. d4 cxd4 4. Nxd4 Nf6 5. Nc3 g6 6. Be3 Bg7 7. Bc4 O-O 8.
O-O Qa5 9. Nb3 Qc7 10. f4 e5 11. f5 Nb4 12. Qd2 d5 13. exd5 Bxf5 14. Bc5 Nxc2
15. Rad1 Rfd8 16. d6 Qc6 17. h3 a5 18. Bb5 Qc8 19. a3 Nd4 20. Bxd4 exd4 21.
Nxd4 Re8 22. Bxe8 Nxe8 23. Nxf5 gxf5 24. d7 Qc5+ 25. Kh1 Rd8 26. dxe8=Q+ Rxe8
1-0

*

[Event "6Ã¨me LUC open"]
[Site "Lille"]
[Date "2015-04-05"]
[Round "1.73"]
[White "DARONDEL, Marlene"]
[Black "PRUVOST, Alain"]
[Result "0-1"]
[WhiteElo "1030"]
[BlackElo "1587"]

1. d4 c5 2. e3 cxd4 3. exd4 e6 4. Nf3 Nf6 5. Nc3 Be7 6. Bc4 a6 7. a4 Qa5 8. O-O
b5 9. Bd3 Bb7 10. Qd2 b4 11. Ne2 Qc7 12. Qe3 Ng4 13. Qf4 Qxf4 14. Nxf4 Bxf3 15.
a5 Bb7 16. Ra4 Bc6 17. Rxb4 Bxb4 18. c3 Bxa5 19. Re1 O-O 20. Be2 Nf6 21. Bd3
Bc7 22. Nh3 h6 23. Bg5 hxg5 24. Nxg5 Bf4 25. Bh7+ Nxh7 26. Nh3 Bh6 0-1

*